=LDR 00000nam 2200000 4500 =001 INLIS000000000030932 =005 20130612133034 =008 ***********************************ind** =035 ##$$0010-061300000030932 =041 ##$$a ind =082 ##$$a 028.5 =090 ##$$a 028.5, Mua a =100 ##$$a Muakhir, Ali =245 ##$$a Adam Manusia pertama, oleh Ali Muakhir ; penerjemah, Harisa permatasari ; editor, Imran Laha =260 ##$$a (s.a) $b Jakarta =300 ##$$a 23 hlm, ilus, 61 cm =650 ##$$a Bacaan Kanak-kanak =850 ##$$a NBPNMAT =990 ##$$a 88008800 =990 ##$$a 01201708800 =990 ##$$a 01201708800